|
|
|
|
| LEADER |
01226nam a2200349Ia 4500 |
| 001 |
EBC416002 |
| 003 |
MiAaPQ |
| 005 |
20200520144314.0 |
| 006 |
m o d | |
| 007 |
cr cn||||||||| |
| 008 |
070606s2007 enka s 000 0 eng d |
| 010 |
|
|
|z 2007025756
|
| 020 |
|
|
|z 9780199228508 (cased)
|
| 020 |
|
|
|z 0199228507 (cased)
|
| 035 |
|
|
|a (MiAaPQ)EBC416002
|
| 035 |
|
|
|a (Au-PeEL)EBL416002
|
| 035 |
|
|
|a (CaPaEBR)ebr10211980
|
| 035 |
|
|
|a (CaONFJC)MIL115015
|
| 035 |
|
|
|a (OCoLC)314220315
|
| 040 |
|
|
|a MiAaPQ
|c MiAaPQ
|d MiAaPQ
|
| 050 |
|
4 |
|a HD30.28
|b .T72 2007
|
| 082 |
0 |
4 |
|a 658.4012
|2 22
|
| 100 |
1 |
|
|a Mintzberg, Henry.
|
| 245 |
1 |
0 |
|a Tracking strategies
|h [electronic resource] :
|b toward a general theory /
|c Henry Mintzberg.
|
| 260 |
|
|
|a Oxford :
|b Oxford University Press,
|c c2007.
|
| 300 |
|
|
|a xv, 405 p. :
|b ill.
|
| 533 |
|
|
|a Electronic reproduction. Ann Arbor, MI : ProQuest, 2015. Available via World Wide Web. Access may be limited to ProQuest affiliated libraries.
|
| 650 |
|
0 |
|a Strategic planning.
|
| 650 |
|
0 |
|a Industrial management.
|
| 655 |
|
4 |
|a Electronic books.
|
| 710 |
2 |
|
|a ProQuest (Firm)
|
| 856 |
4 |
0 |
|u https://ebookcentral.proquest.com/lib/matrademy/detail.action?docID=416002
|z Click to View
|